Gaming Quiz

Random Gaming or Word Ladder Quiz

Huge Video Game Word Ladder Quiz Stats

 Plays Quiz Updated Oct 4, 2016

Challenge
Share
Tweet
Embed
Score 0/150 Timer 16:00
0 Plays Today
Clue Word % Correct
♦ Donkey ____ : Throws barrels at Mario ♦KONG
98.7%
♦ The original Atari table tennis game ♦PONG
94%
____ SkywalkerLUKE
87.8%
Fermented grape drinkWINE
87.4%
Movement of air across EarthWIND
86.2%
Green citrus fruitLIME
84%
To find something pleasingLIKE
82.2%
♦ ____ Croft: Well endowed collector of historical artifacts ♦LARA
82%
Tibetan Buddhist teachers. Dalai ____LAMA
82%
♦ ____ Nukem: Controversial First Person Shooter ♦DUKE
81.8%
♦ Leopard headed Tekken pugilist ♦KING
81.6%
What happens to a boat when it ceases to floatSINK
81.5%
♦ Saviour of Princess Zelda ♦LINK
79.9%
The top part of a human bodyHEAD
79.2%
Unable to walk properly or something not very goodLAME
78.6%
BenevolentKIND
78.4%
A large group of cows for instanceHERD
77%
Evil deedsSINS
76.4%
Citizen of DenmarkDANE
75.4%
♦ The ____: Spend your life controlling the day to day life of your character ♦SIMS
75.2%
♦ ____ Space: Survival horror in which aliens turn humans into necromorphs ♦DEAD
74.8%
Mouth flesh containing teethGUMS
74.4%
♦ ____ Turismo: Driving simulator ♦GRAN
73.8%
♦ Guitar ____: Rock out with plastic instruments ♦HERO
73.7%
Senior official in a university or collegeDEAN
73.5%
As the moon becomes narrowerWANE
73%
To cut the edges offTRIM
72.2%
Honey producing flying insectsBEES
72.1%
A sand bank or Frank Herbert novelDUNE
71.9%
Seed known for causing flatulenceBEAN
71.9%
Lady ____: Pop star of questionable fashion choicesGAGA
71.9%
Jackie ____: Kung Fu movie manCHAN
71.8%
♦ ____ of Duty: Join in with wars through history from home ♦CALL
71.7%
♦ Theme ____: Rollercoaster building game ♦PARK
71.6%
____ Cobain: Lead singer in Nirvana e.g.KURT
71.6%
Mathematical operationsSUMS
71.5%
To give something foodFEED
71.5%
These are at the bottom of a humanFEET
71.5%
To cause painHURT
71.2%
Rail vehicle which travels along streetsTRAM
71.1%
A fairly fast pace for a horseTROT
70.2%
♦ Harvest ____: Farm Sim from long before Farmville ♦MOON
70.2%
♦ Mario ____: Watch out for blue shells ♦KART
70.1%
How to get at a banana so it can be consumedPEEL
69.7%
____ Stoker: Dracula authorBRAM
69.4%
♦ Tom Clancy's Splinter ____CELL
69.1%
John, George, Ringo and....PAUL
68.7%
A lion's hairy neckMANE
68.7%
Pole for hanging ship sails onMAST
68.1%
Perceive soundHEAR
67.9%
Clue Word % Correct
Plant with carrot shaped roots used as foodBEET
67.9%
GamblesBETS
67.9%
Part of a plant which absorbs waterROOT
67.8%
Structural component which withstands load by resisting bendingBEAM
67.5%
Vehicle which floats on waterBOAT
67.5%
Where evil people are alleged to be cast upon deathHELL
67.2%
A baseball team based in New YorkMETS
67.1%
One thousandth of the SI base unit of massGRAM
67%
♦ The final enemy in a game ♦BOSS
67%
Movie in which lightcycles are ridden in lethal games on The GridTRON
67%
Cure someone of illness or ailmentHEAL
66.9%
Long and thinLANK
66.8%
Bird of the Alaudidae familyLARK
66.7%
Between dawn and noonMORN
66.4%
Outer garment worn for warmth and rain protectionCOAT
66%
To come into beingBORN
66%
♦ ____Calibur: Beat em up, with added swords ♦SOUL
65.9%
A long storySAGA
65.9%
Horse drawn vehicleCART
65.9%
Wild ancestor of the domestic pigBOAR
65.7%
♦ Creators of the Dreamcast ♦SEGA
65.6%
To talk informallyCHAT
65.5%
One sheet of glass in a windowPANE
65.5%
♦ ____ Effect: Explore the Galaxy with Commander Shepard ♦MASS
65.5%
Having an acidic tasteSOUR
65.2%
Short version of name for an animated TV showTOON
65.1%
A short blast of a horn or trumpetTOOT
64.8%
♦ ____ Fandango: Graphic adventure set in the Land of the Dead ♦GRIM
64.8%
A place in a building with fully enclosed walls and ceilingsROOM
64%
Deprives of speech by putting something over the mouthGAGS
63.8%
♦ ___ Over! ♦GAME
63.3%
To fly highSOAR
62.9%
The performers of a TV show or movieCAST
62.8%
♦ ____ Hunt: Shoot mallards with the NES Zapper ♦DUCK
62.7%
♦ Sega ____ Fishing: It came with the Sega Fishing Controller ♦BASS
62.7%
____ Carlson: Best friend of LennyCARL
62.4%
♦ Tony ____ Pro Skater: Skateboarding game ♦HAWK
61.9%
♦ Perfect ____: Joanna fights aliens ♦DARK
61.7%
♦ ____ Man: Long running platform game series featuring man in blue suit ♦MEGA
61.7%
Organic structure from which plants growSEED
61.5%
First King of the united Kingdom of IsraelSAUL
61.4%
♦ Metal ____ Solid: Tactical Espionage adventure with Solid Snake ♦GEAR
61.4%
A bedroom for several peopleDORM
61%
Place where ships are kept to be loaded and unloadedDOCK
61%
Device used to secure doors and windowsLOCK
61%
♦ Pioneering 1993 3D First Person Shooter ♦DOOM
60.9%
Disc struck with sticks in ice hockeyPUCK
60.6%
Scraps of clothRAGS
60.5%
What we do with our eyesLOOK
60.3%
A trading placeMART
60.1%
Clue Word % Correct
Like a rabbit, but biggerHARE
59.3%
Slang for a socially inept personDORK
59.1%
♦ Pokémon 86 sleeps on the seabed during the day ♦SEEL
59%
♦ Ghostly enemies of Mario series ♦BOOS
58.8%
To cease movementHALT
58.1%
The Herald angels singHARK
58.1%
Method of thermoregulatory breathing employed by dogsPANT
57.7%
A mature male deerHART
56.3%
From Greek: among, with, beside or afterMETA
55.5%
♦ FPS in which Master Chief Petty Officer John-117 fights aliens ♦HALO
55%
♦ Phantasy ____: Long running Sega RPG ♦STAR
54.5%
♦ ____ - Li: Chinese Street Fighter lady ♦CHUN
54.4%
The gastrointestinal tractGUTS
54.1%
A small horse less than 14.2 handsPONY
53.7%
Something to be thankful forBOON
52.6%
♦ Immortal bald leader of Brotherhood of Nod ♦KANE
51.9%
♦ Streets of ____: Side scrolling beat em up ♦RAGE
51.2%
♦ Black ____: Offensive spellcaster. Vivi of Final Fantasy IX for instance ♦MAGE
51.1%
To intentionally avoid someoneSHUN
51%
____-mell: to go headlong in confused hastePELL
50.9%
♦ Baldur's ____: RPG with Dungeons & Dragons rules ♦GATE
50.7%
Leader of the Alans in 5th century GaulGOAR
50.6%
Eminem song featuring obsessed title characterSTAN
50.3%
Anarchic individual typically sporting vividly colored hairPUNK
50.1%
Cloth covering a coffin at a funeralPALL
50%
Mechanical mascot of Gundam animeHARO
49.7%
Valley, particularly in YorkshireDALE
49.6%
Small, weak and pitifulPUNY
49.5%
To trim offPARE
49.5%
Curly leafed cabbageKALE
49%
Ground meat spreadPATE
47.9%
To shock somebodySTUN
47.8%
To bring up for discussionMOOT
45.9%
Abnormal sac containing fluidCYST
45.5%
A fixed stare for a long timeGAZE
44.7%
♦ 1993 first person adventure through an island, collecting items ♦MYST
44.7%
4th Discworld novel in which the title character becomes Death's ApprenticeMORT
44.3%
♦ Samus ____: Main protagonist of the Metroid games ♦ARAN
43.3%
A shimmer in the atmosphereHAZE
42.5%
A Swedish sheepGUTE
41.4%
♦ Pokémon 304 feeds on iron ore it digs from mountains ♦ARON
41.1%
Historical torture device which stretches bodiesRACK
40.5%
Basalt e.g.ROCK
39.9%
Stow items in a bag or boxPACK
33.3%
♦ Tom ____: Entrepreneurial tanuki/Loan shark of Animal Crossing fame ♦NOOK
32.5%
A small lobsterPAWK
29.4%
Fit an arrow to the string of a bowNOCK
29.3%
♦ James ____: Star of the Aquatic Games ♦POND
21.7%
♦ Fire Emblem sage. Student of Athos ♦PENT
16%
Passageway through a building from the street to a courtyardPEND
12.5%

You're not logged in!

Compare scores with friends on all Sporcle quizzes.
Join for Free
OR
Log In

You Might Also Like...

Show Comments

Extras

Top Quizzes Today


Score Distribution

Your Account Isn't Verified!

In order to create a playlist on Sporcle, you need to verify the email address you used during registration. Go to your Sporcle Settings to finish the process.

Report this User

Report this user for behavior that violates our Community Guidelines.

Details: